Statistics for NZ Rugby All Blacks Defeats to Non-International Sides

Click here to take the quiz!

General Stats

  • This quiz has been taken 332 times
  • The average score is 20 of 51

Answer Stats

YearOpponent% Correct
1978Munster
88%
1893New South Wales
70%
1926New South Wales
70%
1907New South Wales
70%
1897New South Wales
70%
1921New South Wales
70%
1922New South Wales
70%
1922New South Wales
70%
1947New South Wales
70%
1928New South Wales
70%
1980Queensland
70%
1973Barbarians
69%
1924New South Wales
58%
1928Transvaal
54%
2009Barbarians
52%
1953Cardiff
46%
1992Sydney
46%
1972Llanelli
45%
1928Western Province
43%
1976Western Province
43%
1976Northern Transvaal
42%
1897Auckland
40%
1924Auckland
40%
1947Auckland
40%
1903Wellington
39%
1905Wellington
39%
1926Wellington
39%
1932Wellington
39%
1925Wellington
39%
1914Wellington
39%
1957Canterbury
37%
1963Newport
31%
1960Orange Free State
31%
1976Orange Free State
31%
1935Swansea
29%
1949Rhodesia
24%
1973New Zealand Juniors
19%
1949Border
15%
1972Midland Counties
15%
1983Midlands Division
15%
1928Cape Town Clubs
12%
1990Cote Basque
10%
1990Cote D'azur
9%
1979Northern Division
9%
1973NZ Presidents XV
9%
1949Eastern Transvaal
6%
1925New South Wales 2nd XV
5%
1960South African Combined Services
5%
1981Alpes Selection
3%
1954South West France
3%
1972North Western Counties
2%

Score Distribution

Percentile by Number Answered

Percent of People with Each Score

Your Score History

You have not taken this quiz